Institutas

Guardat en:
Dades bibliogràfiques
Autor principal: Gaius (autor)
Format: Llibre
Idioma:espanyol
Publicat: La Plata, Argentina: Librería Jurídica, 1967.
Matèries:
Accés en línia:Disponible Online - Libro I pp.5-75
Etiquetes: Afegir etiqueta
Sense etiquetes, Sigues el primer a etiquetar aquest registre!

MARC

LEADER 00000nam a2200000 a 4500
001 UCR1610
003 CL-VaPUC
005 20221004094752.0
008 971219e19670000AG |||||||||||||||||spa|d
999 |c 265011  |d 265009 
040 |c Pontificia Universidad Católica de Valparaíso 
082 0 4 |a 340.54 GAI 1967  |2 21 
100 |a Gaius  |e autor  |9 398935 
245 1 0 |a Institutas 
260 |a La Plata, Argentina:  |b Librería Jurídica,   |c 1967. 
300 |a 385 páginas 
583 |a last modification  |c 19971219 00:00:00  |k Rodrigo Vera 
650 0 |a Derecho romano  |9 255930 
650 0 |a Fuentes del derecho   |9 255162 
650 0 |a Códigos  |9 352314 
650 0 |a Personas  |9 255751 
650 0 |a Obligaciones   |9 255578 
650 0 |a Bienes  |9 255749 
856 |u http://bibliografiadigital.pucv.cl/index.php/bibliotecapucv/catalog/book/1001  |y Disponible Online - Libro I pp.5-75 
942 |c BK  |2 ddc 
945 |d 19971219 00:00:00  |a lriquelm 
952 |0 0  |1 0  |4 0  |6 340_540000000000000_GAI_1967  |7 0  |8 DER_ROM  |9 295762  |a BIBDER  |b BIBDER  |d 2019-11-20  |i 1928384  |l 9  |o 340.54 GAI 1967  |p 1928384  |r 2025-04-08  |s 2025-04-08  |w 2019-11-20  |x Ubicación 4to piso  |y BK_X  |z Este recurso debe solicitarse con anticipación  |k DER